Library Banner

The sociopath next door : (Record no. 98184)

MARC details
000 -LEADER
fixed length control field 00465nam a22001697a 4500
005 - DATE AND TIME OF LATEST TRANSACTION
control field 20170915104502.0
008 - FIXED-LENGTH DATA ELEMENTS--GENERAL INFORMATION
fixed length control field 170915b xxu||||| |||| 00| 0 eng d
020 ## - INTERNATIONAL STANDARD BOOK NUMBER
International Standard Book Number 076791581x
040 ## - CATALOGING SOURCE
Transcribing agency PK-LaUMT
082 ## - DEWEY DECIMAL CLASSIFICATION NUMBER
Classification number 616.8582
Item number STO-S
100 ## - MAIN ENTRY--PERSONAL NAME
Personal name Stout, Martha
245 ## - TITLE STATEMENT
Title The sociopath next door :
Remainder of title the ruthless versus the rest of us /
Statement of responsibility, etc Martha Stout
260 ## - PUBLICATION, DISTRIBUTION, ETC. (IMPRINT)
Place of publication, distribution, etc New York :
Name of publisher, distributor, etc Broadway Books,
Date of publication, distribution, etc 2005
300 ## - PHYSICAL DESCRIPTION
Extent 241 p.
650 ## - SUBJECT ADDED ENTRY--TOPICAL TERM
Topical term or geographic name as entry element Psychopaths
942 ## - ADDED ENTRY ELEMENTS (KOHA)
Koha item type Books
Holdings
Withdrawn status Lost status Damaged status Home library Current library Date acquired Full call number Barcode Date last seen Price effective from Koha item type
      UMT Main Campus UMT Main Campus 2017-09-15 616.8582 STO-S 113926 2021-11-24 2017-09-15 Books